| 000 | 01408nam a2200337 a 4500 | ||
|---|---|---|---|
| 001 | 000021804 | ||
| 003 | DO-SdBNP | ||
| 005 | 20251106113413.0 | ||
| 008 | 100913s2000 dr ab 000 0 spa d | ||
| 020 | _a9993401196 | ||
| 040 |
_aDO-SdBNP _bspa _cBNPHU |
||
| 049 | _aBNPD | ||
| 082 |
_a972.9373 _bD542h |
||
| 100 |
_aDíaz Melo, Ismael, _d1962- _933370 |
||
| 245 | 1 | 0 |
_aHistoria de los asentamiento humanos y la arquitectura en el Valle de Baní / _cIsmael Díaz Melo. |
| 260 |
_aSanto Domingo : _bBúho, _c2000. |
||
| 300 |
_a198 p. : _bil. ; retrs. ; _c22 cm. |
||
| 490 | 1 |
_aProvincias _v5 |
|
| 500 | _aIncluye datos biográficos del autor en la solapa de la cubierta. | ||
| 504 | _aBibliografías : p. 191-195 | ||
| 590 | _aPrimer premio en el concurso nacional sobre historia y desarrollo de las provincias | ||
| 650 | 4 |
_aAsentamientos humanos _zBaní (República Dominicana) _945289 |
|
| 650 | 4 |
_aArquitectura _xAspectos sociales _zRepública Dominicana _945290 |
|
| 650 | 0 |
_aIndustria azucarera _xHistoria _zBaní (República Dominicana) _97298 |
|
| 650 | 4 |
_aUrbanismo _xHistoria _zBaní (República Dominicana) _945292 |
|
| 650 | 4 |
_aCiudades y pueblos _zBaní (República Dominicana) _945293 |
|
| 651 | 4 |
_aBaní (República Dominicana) _xHistoria Local _96339 |
|
| 710 | 2 |
_aComisión Presidencial de Apoyo al Desarrollo Provincial _945294 |
|
| 830 | 0 |
_aProvincias _n5 _945295 |
|
| 942 |
_2ddc _cLBS1 |
||
| 999 |
_c21302 _d21302 |
||